000 00686nam a2200253Ia 4500
003 OSt
005 20220928105133.0
006 a|||||r|||| 00| 0
007 ta
008 220927b |||||||| |||| 00| 0 eng d
024 _a34537
037 _cTextual
040 _aSDCL
_cSDCL
_beng
041 _2eng
_aeng
082 _aW6, P8
100 _aConnolly William E
_9414002
245 0 _aDemocracy,pluralism and political theory
260 _aLondon
_bRoutledge
_c2008
300 _a335p
_ccm.
490 _aRoutledge innovators in political theory
650 _aDemocracy
_9393045
942 _hW6, P8
_cTEXL
_2CC
999 _c729815
_d729815